|
|
|
|
| LEADER |
00000nab a2200000 a 4500 |
| 001 |
vtls000780904 |
| 003 |
SK-MaSNL |
| 005 |
20260304182920.0 |
| 008 |
040806c xo 0 slo |
| 015 |
|
|
|a SNBRB2002/01-02873
|
| 035 |
|
|
|a CLN000132642
|
| 040 |
|
|
|a SNKBUCL
|b slo
|c SNKBUCL
|e AACR2
|
| 041 |
0 |
|
|a slo
|
| 044 |
|
|
|a xo
|c SK
|
| 080 |
|
|
|a 615.89(437.6)(091)
|2 UDC-MRF-SK2
|
| 100 |
1 |
|
|a Bieliková, Sidónia
|4 upr
|9 12915
|
| 245 |
1 |
0 |
|a Olejkár nie je šafraník, ale olejník
|c pripravili S. Bieliková, B. Bielik
|
| 650 |
0 |
7 |
|a olejkárstvo
|2 SNKPH
|9 30177
|
| 650 |
0 |
7 |
|a ľudové liečiteľstvo
|2 SNKPH
|9 1145
|
| 651 |
|
7 |
|a Slovensko
|x dejiny
|2 SNKPHgeo
|9 13278
|
| 655 |
|
7 |
|a články z novín a časopisov
|2 SNK
|9 267496
|
| 700 |
1 |
|
|a Bielik, Branislav,
|d 1973-
|4 upr
|9 17135
|
| 773 |
0 |
|
|x 0862-8823
|t Slovenské národné noviny
|g Roč. 13 (17), č. 1 (2002), s. 5
|
| 850 |
|
|
|a Slovenská národná knižnica v Martine
|
| 852 |
|
|
|a SNK
|b KIS3GCP
|
| 999 |
|
|
|c 3031925
|d 3033855
|